Kỹ năng lập kế hoạch hiệu quả

Zapisane w:
Opis bibliograficzny
1. autor: Shibamoto, Hidenori
Format: Sách
Język:Undetermined
Wydane: Thế giới 2021
Hasła przedmiotowe:
Etykiety: Dodaj etykietę
Nie ma etykietki, Dołącz pierwszą etykiete!
Thư viện lưu trữ: Trung tâm Thư viện - Trường Đại học Công nghiệp TP. Hồ Chí Minh
LEADER 00579nam a2200157Ia 4500
001 UIH_00441
008 230809s9999 xx 000 0 und d
082 |a 658.4012 
100 |a Shibamoto, Hidenori 
245 0 |a Kỹ năng lập kế hoạch hiệu quả 
245 0 |c Shibamoto, Hidenori 
260 |b Thế giới 
260 |c 2021 
650 |a Thành công trong kinh doanh;Lập kế hoạch kinh doanh;Lập kế hoạch chiến lược; 
927 |a Sách 
980 |a Trung tâm Thư viện - Trường Đại học Công nghiệp TP. Hồ Chí Minh